000 00515nam a22001817a 4500
003 OSt
005 20250708063354.0
008 250708b |||||||| |||| 00| 0 eng d
020 _a0809429551
040 _aDWCL - Main lib
_cOC
082 _aCirc. 641.578 O93 1983
245 _a Outdoor cooking/
260 _aVirginia :
_b Time-Life Books,
_c c1983.
300 _a176 pages :
_b illustrations (color) ;
_c28 cm.
504 _aIncludes index.
650 _a1. Outdoor cooking.
942 _2ddc
_cBK-CIRC
_kCirc.
_n0
999 _c3465
_d3465